000 00489nam a2200145 i 4500
001 38024
003 ES-MaACL
005 20230906155701.0
007 t|
008 030224s1933 sp ||||1| spa d
245 0 0 _aServicio de Agencia establecido en el Instituto de Crédito de las Cajas Generales de Ahorro /
_cCaja de Pensiones para la Vejez y de Ahorros.
260 _a[S.l. :
_bs.n.,
_c1933] (
_eMadrid :
_fSalvador Cuesta)
300 _a13 p. ;
_c20 cm.
852 _aES-MaACL
_j1793-F-3
999 _c38024
_d38024